Statistiques concernant 50 Prenoms de filles les plus données en Normandie

Cliquez ici pour prendre le quiz!

Statistiques générales

  • Ce quiz a été pris 450 fois
  • Le résultat moyen est 19 sur 50

Statistiques - réponses

#Réponse% Correct
4Léa
76%
29Lou
76%
1Emma
72%
43Julie
72%
11Louise
66%
21Louise
66%
3Manon
60%
12Camille
58%
9Chloé
57%
23Jeanne
56%
35Pauline
54%
38Lucie
52%
18Sarah
52%
13Clara
50%
20Alice
48%
44Emilie
47%
5Jade
47%
8Zoé
47%
41Marine
46%
33Marion
45%
2Lola
41%
10Inès
40%
19Clémence
37%
36Lina
37%
42Elodie
36%
28Rose
36%
37Margaux
35%
32Océane
35%
14Romane
35%
30Anaïs
33%
6Lilou
33%
46Aurélie
32%
48Céline
31%
22Ambre
30%
25Célia
29%
26Lily
28%
40Maëlle
27%
15Maëlys
26%
47Stéphanie
26%
7Louna
25%
31Adèle
22%
45Catherine
21%
39Elena
21%
27Léonie
20%
50Sylvie
19%
34Léane
15%
17Léna
13%
16Louane
13%
24Chalotte
1%
49Natalie
1%

Distribution des résultats

Percentile par nombre de réponses

% des personnes avec chaque résultat

Votre développement - résultats

Vous n’avez pas pris ce quiz